| 000 | 00688nam a2200253 i 4500 | ||
|---|---|---|---|
| 001 | bg | ||
| 100 | 1 | _aDYREK, Andrzej | |
| 245 | 1 | 0 |
_aPC i Ty : _bczyli jak zostać użytkownikiem komputera / _cAndrzej Dyrek, Paweł Góra. |
| 250 | _aWyd.4 uzup. | ||
| 260 |
_aKraków : _bWydaw. Literatury Komputerowej, _c1993. |
||
| 300 |
_a466 s. : _brys. ; _c22 cm. |
||
| 504 | _aIndeks. | ||
| 630 | 0 | 9 | _aDOS |
| 650 | 9 |
_aKomputery _xobsługa i eksploatacja |
|
| 655 | _aPodręczniki | ||
| 700 | 1 | _aGÓRA, Paweł | |
| 020 | _a8385969004 | ||
| 040 | _cBPK | ||
| 041 | 0 | _apl | |
| 080 | _a681.322(07) | ||
| 920 | _a83-85969-00-4 | ||
| 942 | _cKS | ||
| 008 | s pl f |000 0 pol | ||
| 999 |
_c32062 _d32062 |
||
| 856 |
_uhttp://koha.tu.koszalin.pl/cgi-bin/koha/opac-detail.pl?biblionumber=32062 _yKatalog online BPK |
||